000 01366nam a2200325 c 4500
999 _c147132
_d147132
003 BLK
005 20190313123532.0
008 180410b bul|||||r ||||||| ||bul||
010 _aKNG00153340000
040 _aBLK
041 _aBUL
_cBUL
080 _aЧешка литература
_b821.162.3
_x-31
_z821.162.3-31
100 1 _aБрабенец, Иржи
_eпърви автор
_942727
139 _aБрабенец, Иржи
_bБ 75
245 1 0 _aТайната на Черната клисура
_bПриключенска случка
_cИржи Брабенец; ил. Ал. Хачадурян; ил. В. Койчец; прев. от чеш. Мария Радева.
257 _aCSK
260 _bНар. младеж
_c1962
300 _a176 с.
_bс ил.
_c22 см
380 _aX
490 1 _aБиблиотека Приключения и научна фантастика
500 _a10 100 тир. - Авт. не е даден на кор.
700 1 _aХачадурян, Ал.
_eил.
_9329495
700 1 _aКойчец, В.
_eил.
_980781
700 1 _aРадева, Мария
_eпрев. от чеш.
_9364438
852 _aЦб 22190
856 4 _qpdf
856 4 _qpdf
942 _cKNG
_n0
944 _aCR
_c14.11.2013
_l14.11.2013 - от С1,Р / 14.11.2013
_kАнна_Мутафчиева
944 _aED
_c14.11.2013
_l14.11.2013 - от С1,Р / 14.11.2013
999 _d147132